[Event "Azov Don Cup"]
[Site "Azov"]
[Date "2010.07.15"]
[Round "3"]
[White "Eryomenko, Volodymyr"]
[Black "Tikhiy, Sergey"]
[Result "1/2-1/2"]
[WhiteElo "2512"]
[BlackElo "2427"]
[PlyCount "87"]
[EventDate "2010.07.13"]
[EventType "tourn"]
[EventRounds "11"]
[EventCountry "RUS"]
[EventCategory "6"]
[SourceTitle "EXT 2011"]
[Source "ChessBase"]
[SourceDate "2010.11.26"]
[SourceVersion "1"]
[SourceVersionDate "2010.11.26"]
[SourceQuality "1"]

1. e4 c5 2. Nf3 d6 3. d4 cxd4 4. Nxd4 Nf6 5. Nc3 Nc6 6. Bg5 e6 7. Qd2 a6 8. 0-0-0 Bd7 9. f4 h6 10. Bh4 b5 11. Bxf6 gxf6 12. Kb1 Qb6 13. Nce2 h5 14. Qd3 Ne7 15. g3 Rd8 16. Bg2 b4 17. Rhe1 h4 18. gxh4 Rxh4 19. Nf3 Rh8 20. f5 a5 21. fxe6 fxe6 22. Nf4 Bh6 23. Nh5 Kf7 24. Bh3 Ng6 25. Nd4 Nf4 26. Nxf4 Bxf4 27. Rg1 Rde8 28. Rg2 Qc5 29. e5 f5 30. exd6 a4 31. Qf3 Bxd6 32. Rgd2 Rc8 33. Qg2 Rhg8 34. Qe2 Bf4 35. Rd3 Rg6 36. Rf1 Bd6 37. Bg4 Kf8 38. Bf3 a3 39. Rfd1 Ba4 40. b3 Bd7 41. Bb7 Rc7 42. Qh5 Kg7 43. Rh3 Be5 44. Bf3 1/2-1/2